=LDR 00000nam 2200000 4500 =001 INLIS000000000024360 =005 20130612122943 =008 ***********************************Ind** =035 ##$$0010-061300000024360 =041 ##$$a Ind =082 ##$$a 372.2 =090 ##$$a 372.2, Sum p =100 ##$$a Sumantri Popy =245 ##$$a Pilihan ganda, Popy Sumantri =260 ##$$a 1987 $b Yogyakrt =300 ##$$a 15 hlm, 18 cm =650 ##$$a Pilihan ganda =850 ##$$a NBPNMAT